Trouvez les films avec l'acteur #1 - Statistiques

Statistiques générales
  • Ce quiz a été pris 504 fois
  • Le résultat moyen est 12 sur 16
Statistiques - réponses
Par images Réponse % Correct
Harry Potter
96%
Pirates des Caraïbes
92%
Titanic
91%
Hunger Games
88%
Rocky
88%
Indiana Jones
87%
Jumanji
86%
Iron Man
85%
Fast and Furious
84%
La nuit au Musée
81%
Les Visiteurs
73%
Le diable s'habille en Prada
71%
Pretty Woman
66%
Ghost Busters
63%
Divergente
54%
Rien que pour vos cheveux
8%
Aucun quiz correspondant
Distribution des résultats
% des personnes avec chaque résultat
Percentile par nombre de réponses
Votre historique - résultats
Vous n’avez pas pris ce quiz